000
00314pab a2200145 454500
008
180718b1989 xxu||||| |||| 00| 0 eng d
100
_a
Singh, P.R.
245
_a
Problem of environment
260
_c
1989
300
_a
43-5
362
_a
Jul.
650
_a
Environment
773
_a
Civic Affairs
909
_a
7702
999
_c
7702
_d
7702